<?xml version="1.0" encoding="UTF-8"?>
<collection xmlns="http://www.loc.gov/MARC21/slim">
 <record>
  <leader>00983nam a22002297a 4500</leader>
  <controlfield tag="001">AAL6879</controlfield>
  <controlfield tag="003">BD-DhAAL</controlfield>
  <controlfield tag="005">20160130190950.0</controlfield>
  <controlfield tag="008">160130s    2000bd a|||| |||| 00| 0 ben d</controlfield>
  <datafield tag="020" ind1=" " ind2=" ">
   <subfield code="a">984458227X</subfield>
  </datafield>
  <datafield tag="040" ind1=" " ind2=" ">
   <subfield code="a">BD-DhAAL</subfield>
   <subfield code="c">BD-DhAAL</subfield>
  </datafield>
  <datafield tag="082" ind1=" " ind2=" ">
   <subfield code="a">954.92</subfield>
  </datafield>
  <datafield tag="100" ind1=" " ind2=" ">
   <subfield code="a">আব্দুল আজিজ, মোঃ </subfield>
   <subfield code="9">17625</subfield>
  </datafield>
  <datafield tag="245" ind1=" " ind2=" ">
   <subfield code="a">বাংলাদেশের মুক্তিযুদ্ধ ও সর্বাধিনায়ক ওসমানি /</subfield>
   <subfield code="c">মোঃ আব্দুল আজিজ</subfield>
  </datafield>
  <datafield tag="250" ind1=" " ind2=" ">
   <subfield code="a">1st ed. </subfield>
  </datafield>
  <datafield tag="260" ind1=" " ind2=" ">
   <subfield code="a">ঢাকা :</subfield>
   <subfield code="b">সময় প্রকাশন, </subfield>
   <subfield code="c">২০০০. </subfield>
  </datafield>
  <datafield tag="300" ind1=" " ind2=" ">
   <subfield code="a">১২৬ পৃ. :</subfield>
   <subfield code="b">চিত্র ;</subfield>
   <subfield code="c">২২ সে.মি.</subfield>
  </datafield>
  <datafield tag="541" ind1=" " ind2=" ">
   <subfield code="e">6879</subfield>
  </datafield>
  <datafield tag="651" ind1=" " ind2=" ">
   <subfield code="a">Bangladesh</subfield>
   <subfield code="x">History </subfield>
   <subfield code="y">Revolution,1971 </subfield>
   <subfield code="9">17626</subfield>
  </datafield>
  <datafield tag="942" ind1=" " ind2=" ">
   <subfield code="2">ddc</subfield>
   <subfield code="c">BK</subfield>
  </datafield>
  <datafield tag="999" ind1=" " ind2=" ">
   <subfield code="c">36718</subfield>
   <subfield code="d">36718</subfield>
  </datafield>
  <datafield tag="952" ind1=" " ind2=" ">
   <subfield code="0">0</subfield>
   <subfield code="1">0</subfield>
   <subfield code="2">ddc</subfield>
   <subfield code="4">0</subfield>
   <subfield code="6">954_920000000000000_ABD</subfield>
   <subfield code="7">0</subfield>
   <subfield code="9">57788</subfield>
   <subfield code="a">SCL</subfield>
   <subfield code="b">SCL</subfield>
   <subfield code="c">GEN</subfield>
   <subfield code="d">2016-01-30</subfield>
   <subfield code="g">100.00</subfield>
   <subfield code="l">4</subfield>
   <subfield code="m">2</subfield>
   <subfield code="o">954.92 ABD</subfield>
   <subfield code="p">3020006879</subfield>
   <subfield code="r">2024-04-02</subfield>
   <subfield code="s">2024-03-28</subfield>
   <subfield code="t">1</subfield>
   <subfield code="w">2016-01-30</subfield>
   <subfield code="y">BK</subfield>
  </datafield>
 </record>
</collection>
